000 00876nam a2200253Ia 4500
003 OSt
005 20220923220330.0
006 a|||||r|||| 00| 0
007 ta
008 220922b |||||||| |||| 00| 0 hin d
024 _a186,012
037 _cTextual
040 _aARTS
_cARTS
_bhin
041 _2hin
_ahin
082 _aY31:3.245, 152M7
100 _aपालीवाल, नारायण दत्त
245 0 _aकुमाँऊ
_b धरती तथा जनजीवन
246 _aKumāँū: dharatī tathā janajīvana
260 _aदिल्ली
_b मनीषा प्रकाशन
_c1987
300 _a114 पृ.
_ccm.
650 _aभारतीय-लोक साहित्य
942 _hY31:3.245, 152M7
_cTEXL
_2CC
999 _c339257
_d339257